000 00911nam a2200217Ia 4500
999 _c40155
_d40155
001 6761
003 GE_BSU
005 20191127113812.0
008 181216s1939||||ge |||||||||||||| ||geo||
040 _cGE_BSU
041 _ageo
080 _a821.353.1(092 გამსახურდია,კ.) გ-19
100 _aგამსახურდია, კონსტანტინე.
_91395
245 _aბელადი : წიგნი პირველი :
_bტრილოგია /
_cკონსტანტინე გამსახურდია ; რედ. ილია თავაძე.
264 _aთბილისი :
_bსახელგამი,
_c1939.
300 _a214 გვ. ;
_c22 სმ.
653 _aბელადი
653 _aტრილოგია
700 _aთავაძე, ილია
_eრედაქტორი
_94938
942 _cBK
_2udc